01070na a2200241 450000100060000000300080000600500170001400800410003104000250007204100080009708200240010524502140012926000650034330000190040849001010042749000730052850400150060160000580061661000540067465000390072870000200076771000410078722420MIRAKIL20181213154920.0170213b tu 000 0  aMilasbturcTR-AnCHP atur aATA 018.2bA72 1973 aAtatürk'ün özel kütüphanesinin kataloğub(Anıtkabir ve Çankaya bölümleri)cHazırlayan Milli Kütüphane Genel Müdürlüğü; kataloğu hazırlayanlar Mefharet Derer, ...[ve öte.] aAnkarabBaşbakanlık Kültür Müsteşarlığıc1973 a791 s.c25 sm. aBaşbakanlık Kültür Müsteşarlığı Cumhuriyetin 50. Yıldönümü Yayınlarıv16 aMilli Kütüphane Atatürk Dokümantasyon Merkezi Yayınlarıv2 aDizin var. aAtatürk, Mustafa Kemald1881-1938xKütüphaneler aAtatürk'ün Özel KütüphanesixKataloglar aKütüphane kataloglarızAnkara aDerer, Mefharet aMilli Kütüphane Başkanlığı